Wdm technologies , active optical components (Record no. 572169)
[ view plain ]
| 000 -LEADER | |
|---|---|
| fixed length control field | 00578nam a22001817a 4500 |
| 003 - CONTROL NUMBER IDENTIFIER | |
| control field | CEME |
| 005 - DATE AND TIME OF LATEST TRANSACTION | |
| control field | 20210628203110.0 |
| 008 - FIXED-LENGTH DATA ELEMENTS--GENERAL INFORMATION | |
| fixed length control field | 210118b xxu||||| |||| 00| 0 eng d |
| 020 ## - INTERNATIONAL STANDARD BOOK NUMBER | |
| International Standard Book Number | 81-8147-719-7 |
| 040 ## - CATALOGING SOURCE | |
| Transcribing agency | ceme |
| 082 ## - DEWEY DECIMAL CLASSIFICATION NUMBER | |
| Classification number | 621.3827 WDM |
| 100 ## - MAIN ENTRY--PERSONAL NAME | |
| Personal name | Dutta, Achyut. K , Dutta, Niloy .K , Fujiwara, Masahiko |
| 9 (RLIN) | 63302 |
| 245 ## - TITLE STATEMENT | |
| Title | Wdm technologies , active optical components |
| 260 ## - PUBLICATION, DISTRIBUTION, ETC. | |
| Place of publication, distribution, etc. | NEW DELHI |
| Name of publisher, distributor, etc. | ACADEMIC PRESS |
| Date of publication, distribution, etc. | 2001 |
| 300 ## - PHYSICAL DESCRIPTION | |
| Extent | XXI,675 P |
| 650 ## - SUBJECT ADDED ENTRY--TOPICAL TERM | |
| Topical term or geographic name entry element | WAVELENGTH DIVISION MULTIPLEXING, OPTICAL COMMUNICAITON , OPTOELECTRONIC DEVICES |
| 9 (RLIN) | 63303 |
| 942 ## - ADDED ENTRY ELEMENTS (KOHA) | |
| Koha item type | Book |
| Source of classification or shelving scheme | |
| Withdrawn status | Lost status | Damaged status | Not for loan | Permanent Location | Current Location | Shelving location | Date acquired | Total Checkouts | Full call number | Barcode | Date last seen | Price effective from | Koha item type |
|---|---|---|---|---|---|---|---|---|---|---|---|---|---|
| College of Electrical & Mechanical Engineering (CEME) | College of Electrical & Mechanical Engineering (CEME) | General Stacks | 07/25/2017 | 621.3827 WDM | CEME-42038 | 06/28/2021 | 06/28/2021 | Book |
